Vplyv materiálových parametrov na dynamické vlastnosti gumokovových komponentov

Enregistré dans:
Détails bibliographiques
Auteur principal: Wenhardtová, Lucia (Auteur)
Autres auteurs: Danko, Ján (Directeur de thèse)
Format: Manuscrit Livre
Langue:slovaque
Publié: 2020
Sujets:
Accès en ligne:http://is.stuba.sk/zp/portal_zp.pl?podrobnosti=150597
Tags: Ajouter un tag
Pas de tags, Soyez le premier à ajouter un tag!

MARC

LEADER 00000ntm a22000003a 4500
001 stuzp81451
003 SK-STU
005 20200711211158.7
007 ta
008 150427s2015----xo-----f-mn---000-0-slo-d
040 |a STU  |b slo 
041 0 |a slo 
100 1 |a Wenhardtová, Lucia  |u 020030  |k Z4  |4 aut  |U SjF Strojnícka fakulta  |T SjF Ústav dopravnej techniky a konštruovania  |X 81738  |U J0030  |Y 806  |7 81738 
242 0 1 |a Impact of material parameters on dynamic properties of rubber-metal components  |y eng 
245 1 0 |a Vplyv materiálových parametrov na dynamické vlastnosti gumokovových komponentov 
260 |c 2020 
650 4 |a motor vehicle  |2 eng 
650 4 |a noise and vibration  |2 eng 
650 4 |a silentblock  |2 eng 
650 4 |a dynamic characteristic  |2 eng 
650 4 |a static characteristic  |2 eng 
650 4 |a simulation  |2 eng 
650 4 |a dynamická charakteristika  |2 slo 
650 4 |a statická charakteristika  |2 slo 
650 4 |a simulácia  |2 slo 
650 4 |a hluk a vibrácie  |2 slo 
650 4 |a silentblok  |2 slo 
650 4 |a motorové vozidlo  |2 slo 
700 1 |a Danko, Ján  |u 020030  |k Z1  |4 ths  |U SjF Strojnícka fakulta  |T SjF Ústav dopravnej techniky a konštruovania  |X 3691  |U J0030  |Y 806  |7 A000003691 
856 4 |u http://is.stuba.sk/zp/portal_zp.pl?podrobnosti=150597